中国知名高校小趣识 Interesting facts about famous Chinese universities - Statistics

General Stats
  • This quiz has been taken 54 times
    49 since last reset
  • The average score is 14 of 26
Answer Stats
Hint Answer % Correct
唯一一所体育专项211高校 北京体育大学
93%
主校区海拔最高的211大学 西藏大学
91%
唯一一所音乐专项211高校 中央音乐学院
88%
主校区地理位置最靠南的211大学 海南大学
84%
主校区地理位置最靠西的211大学 石河子大学
84%
唯一一所中医药类别的211高校 北京中医药大学
84%
外交部唯一直属的高校 外交学院
70%
主校区地理位置最靠北的211大学 哈尔滨工程大学
67%
(仅在地理层面)辖区内没有211高校主校区的省份/直辖市 河北省
67%
主校区地理位置最靠东的211大学 延边大学
60%
唯一一所京外以地方挂名的非军医211医科大学 天津医科大学
60%
主校区地理位置最靠近我国边境的211大学 延边大学
58%
(仅在地理层面)辖区内211高校数量最多的京外省份/直辖市 江苏省
58%
首个建立海外分校区的高校 厦门大学
49%
首个因西部大开发政策影响进而西迁的高校(迁校前名称) 上海交通大学
49%
于2000年并入北京大学的原211高校 北京医科大学
47%
由统战部管理的中央部属211高校 暨南大学
44%
于2000年并入复旦大学的原211高校 上海医科大学
40%
地理位置最靠近我国大地原点的211大学 长安大学(渭水校区)
37%
于2000年并入吉林大学的原211高校 吉林工业大学
33%
教育部直属的非211艺术类院校 中央戏剧学院
30%
首个中外合办的统招第一批(一本)高校 宁波诺丁汉大学
28%
首个在Nature发表第一篇严格意义上学术论文的中国人就职院校 清华大学
26%
于2000年并入山东大学的原211高校 山东工业大学
23%
分校区最多的211高校 浙江大学
19%
唯一一所2005年获批的211高校 陕西师范大学
2%
No matching quizzes found
Score Distribution
Percent of People with Each Score
Percentile by Number Answered
Your Score History
You have not taken this quiz since the last reset